La ley de la publicidad (Registro nro. 14568)
[ vista simple ]
| 000 -LEADER | |
|---|---|
| fixed length control field | 00334 a2200121 4500 |
| 001 - CONTROL NUMBER | |
| control field | ART_10396 |
| 005 - DATE AND TIME OF LATEST TRANSACTION | |
| control field | 20260410161654.0 |
| 008 - FIXED-LENGTH DATA ELEMENTS--GENERAL INFORMATION | |
| fixed length control field | 260409a |
| 100 1# - MAIN ENTRY--PERSONAL NAME | |
| Personal name | Ries, Al |
| 245 10 - TITLE STATEMENT | |
| Title | La ley de la publicidad |
| 700 1# - ADDED ENTRY--PERSONAL NAME | |
| Personal name | Ries, Laura |
| 773 0# - HOST ITEM ENTRY | |
| Title | Harvard Deusto Business Review |
| Related parts | - Nº 99 (nov./dic. 2000) |
| Record control number | REV521 |
No hay ítems disponibles.